000 00672nam a2200229Ia 4500
003 OSt
005 20220928145717.0
006 a|||||r|||| 00| 0
007 ta
008 220927b |||||||| |||| 00| 0 eng d
024 _a82352
037 _cTextual
040 _aSDCL
_cSDCL
_beng
041 _2eng
_aeng
082 _aXjN43, P2
100 _aBitros George Ed.
_9514350
245 0 _aEssays in economic theory,growth and labor markets
_bA festschrift in honor of E Drandakis.
260 _c2002
700 _a Katsoulacos Yannis Ed.
_9514351
942 _hXjN43, P2
_cTEXL
_2CC
999 _c835074
_d835074